Central Library OPAC University of Rajshahi

Biochemistry / (Record no. 69235)

MARC details
000 -LEADER
fixed length control field 00734nam a2200253 a 4500
001 - CONTROL NUMBER
control field 69235
003 - CONTROL NUMBER IDENTIFIER
rucl marc code BD-RjUL
005 - DATE AND TIME OF LATEST TRANSACTION
control field 20211209081849.0
008 - FIXED-LENGTH DATA ELEMENTS--GENERAL INFORMATION
fixed length control field 170410s1989 ncua b 001 0 eng d
020 ## - INTERNATIONAL STANDARD BOOK NUMBER
International Standard Book Number 0892784059 (pbk.)
International Standard Book Number 0892784008
035 ## - SYSTEM CONTROL NUMBER
System control number (BD-RjUL)69446
040 ## - CATALOGING SOURCE
Original cataloging agency DLC
Transcribing agency DLC
Modifying agency BD-RjUL
Language of cataloging eng
041 ## - LANGUAGE CODE
Language code of text/sound track or separate title eng
082 00 - DEWEY DECIMAL CLASSIFICATION NUMBER
Classification number 572
Edition number 23
Author mark and year RAB 1989
100 1# - MAIN ENTRY--PERSONAL NAME
Personal name Rawn, J. David,
Dates associated with a name 1944-
9 (RLIN) 205120
245 10 - TITLE STATEMENT
Title Biochemistry /
Statement of responsibility, etc. J. David Rawn.
250 ## - EDITION STATEMENT
Edition statement International ed.
260 ## - PUBLICATION, DISTRIBUTION, ETC. (IMPRINT)
Place of publication, distribution, etc. Burlington, N.C. :
Name of publisher, distributor, etc. Neil Patterson Publishers,
Date of publication, distribution, etc. c1989.
300 ## - PHYSICAL DESCRIPTION
Pagination 1105 p. :
Illustrations ill. ;
Size 28 cm. +
Accompanying material 1 stereo viewer.
504 ## - BIBLIOGRAPHY, ETC. NOTE
Bibliography, etc Includes bibliographies and index.
650 #0 - SUBJECT ADDED ENTRY--TOPICAL TERM
Topical term or geographic name as entry element Biochemistry.
9 (RLIN) 205121
942 ## - ADDED ENTRY ELEMENTS (KOHA)
Source of classification or shelving scheme Dewey Decimal Classification
Koha item type Books
Holdings
Lost status Source of classification or shelving scheme Damaged status Not for loan Collection code Permanent Location Current Location Shelving location Date acquired Source of acquisition Cost, normal purchase price Total Checkouts Full call number Date last seen Copy number Koha item type
  Dewey Decimal Classification   Not For Loan Non-fiction Central Library, University of Rajshahi Central Library, University of Rajshahi Reading Room 11/02/1990 Cardina Biochemical Supply Co. 57.90   572 RAB 1989 10/04/2017 C-1 Books